LEADER 02010nam 2200601Ia 450 001 9910455908903321 005 20200520144314.0 010 $a1-280-21445-7 010 $a9786610214457 010 $a0-309-54309-6 010 $a0-585-14457-5 035 $a(CKB)110986584750886 035 $a(OCoLC)666935505 035 $a(CaPaEBR)ebrary10062860 035 $a(SSID)ssj0000130179 035 $a(PQKBManifestationID)11132557 035 $a(PQKBTitleCode)TC0000130179 035 $a(PQKBWorkID)10080639 035 $a(PQKB)10964032 035 $a(MiAaPQ)EBC3376969 035 $a(Au-PeEL)EBL3376969 035 $a(CaPaEBR)ebr10062860 035 $a(CaONFJC)MIL21445 035 $a(OCoLC)940510411 035 $a(EXLCZ)99110986584750886 100 $a19890818d1989 uy 0 101 0 $aeng 135 $aurcn||||||||| 181 $ctxt 182 $cc 183 $acr 200 10$aControlling costs and changing patient care?$b[electronic resource] $ethe role of utilization management /$fCommittee on Utilization Management by Third Parties, Division of Health Care Services, Institute of Medicine ; Bradford H. Gray and Marilyn J. Field, editors 210 $aWashington, D.C. $cNational Academy Press$d1989 215 $a1 online resource (320 p.) 300 $aBibliographic Level Mode of Issuance: Monograph 311 $a0-309-04045-0 311 $a0-309-04048-5 320 $aIncludes bibliographical references. 606 $aCost control 606 $aHealth services administration$zUnited States 608 $aElectronic books. 615 0$aCost control. 615 0$aHealth services administration 676 $a338.4/33621/0973 701 $aGray$b Bradford H.$f1942-$0910453 701 $aField$b Marilyn J$g(Marilyn Jane)$0855032 801 0$bMiAaPQ 801 1$bMiAaPQ 801 2$bMiAaPQ 906 $aBOOK 912 $a9910455908903321 996 $aControlling costs and changing patient care$92173912 997 $aUNINA LEADER 02434 am 2200625 n 450 001 9910169189703321 005 20160101 010 $a2-37546-052-9 024 7 $a10.4000/books.pressesenssib.1775 035 $a(CKB)3710000001157403 035 $a(FrMaCLE)OB-pressesenssib-1775 035 $a(oapen)https://directory.doabooks.org/handle/20.500.12854/61597 035 $a(PPN)20267343X 035 $a(EXLCZ)993710000001157403 100 $a20170404j|||||||| ||| 0 101 0 $afre 135 $auu||||||m|||| 181 $ctxt$2rdacontent 182 $cc$2rdamedia 183 $acr$2rdacarrier 200 10$aUne voix qui manque toujours : journées d?hommage à Jean Gattégno /$fThierry Ermakoff 210 $aVilleurbanne $cPresses de l?enssib$d2016 311 $a2-37546-002-2 330 $aJean Gattégno, spécialiste de littérature anglaise, haut fonctionnaire, ancien directeur du livre et de la lecture de 1981 à 1989, nous a quittés le 31 mai 1994. Les 13 et 14 juin 2014, deux journées d?hommage lui ont été rendues à l?Enssib. Avec, entre autres, les témoignages de Véronique Chatenay-Dolto, Valérie Tesnière, Nicolas Galaud, Gérald Grunberg, Christian Thorel, Benoit Tuleu, et une introduction de Marc Olivier Baruch. 517 $aUne voix qui manque toujours 517 $aUne voix qui manque toujours  606 $aLibrary, Information & Communication sciences 606 $alivres 606 $alecture 606 $abibliothèques 606 $aculture 610 $aculture 610 $abibliothèques 610 $alecture 610 $alivres 615 4$aLibrary, Information & Communication sciences 615 4$alivres 615 4$alecture 615 4$abibliothèques 615 4$aculture 700 $aBaruch$b Marc Olivier$01308669 701 $aChatenay-Dolto$b Véronique$01281656 701 $aGalaud$b Nicolas$01281657 701 $aGrunberg$b Gérald$01281658 701 $aLlavori$b Denis$01281659 701 $aSuard$b François$0386592 701 $aTesnière$b Valérie$01281660 701 $aThorel$b Christian$01281661 701 $aTuleu$b Benoît$01281662 701 $aErmakoff$b Thierry$01281663 801 0$bFR-FrMaCLE 906 $aBOOK 912 $a9910169189703321 996 $aUne voix qui manque toujours : journées d?hommage à Jean Gattégno$93384657 997 $aUNINA LEADER 06223oam 22013334 450 001 9910967716203321 005 20250426110533.0 010 $a9786612840654 010 $a9781462369928 010 $a1462369928 010 $a9781452764221 010 $a1452764220 010 $a9781451869712 010 $a1451869711 010 $a9781282840652 010 $a1282840657 035 $a(CKB)3170000000055019 035 $a(EBL)1607863 035 $a(SSID)ssj0000944031 035 $a(PQKBManifestationID)11506469 035 $a(PQKBTitleCode)TC0000944031 035 $a(PQKBWorkID)10983252 035 $a(PQKB)11123181 035 $a(OCoLC)815736072 035 $a(MiAaPQ)EBC1607863 035 $a(IMF)WPIEE2008111 035 $a(IMF)WPIEA2008111 035 $aWPIEA2008111 035 $a(EXLCZ)993170000000055019 100 $a20020129d2008 uf 0 101 0 $aeng 135 $aur|n|---||||| 181 $ctxt$2rdacontent 182 $cc$2rdamedia 183 $acr$2rdacarrier 200 10$aFiscal Coverage in the Countries of the Middle East and Central Asia : $eCurrent Situation and a Way Forward /$fDaria Zakharova 205 $a1st ed. 210 1$aWashington, D.C. :$cInternational Monetary Fund,$d2008. 215 $a1 online resource (31 p.) 225 1 $aIMF Working Papers 225 0$aIMF working paper ;$vWP/08/111 300 $aDescription based upon print version of record. 311 1 $a9781451914252 311 1 $a1451914253 320 $aIncludes bibliographical references. 327 $aContents; I. Introduction; Boxes; 1. Statistical Fiscal Coverage Versus Policy Coverage; II. Broad Principles of Fiscal Coverage; Tables; 1. Philippines: Operations of the NFPS; 2. Selected Fiscal Risks that Could Be Posed by PEs; 2. Jordan: Operations of the NFPS; III. Current Fiscal Coverage in MECA Countries; 3. Brazil: Operations of the Public Sector; 4. MECA: Coverage of Fiscal Statistics; Figures; 1. Coverage of Fiscal Statistics in MECA Countries and Fund Staff Reports; 5. Middle East and Central Asia: Coverage of Fiscal Statistics-Test -- Test again 327 $a2. -- Coverage of Fiscal Statistics in CIS and Non-CIS MECA Countries3. Coverage of Fiscal Statistics in Oil and Non-Oil Producing Countries of the Middle East and Central Asia; IV. Considerations on Expanding Fiscal Coverage; 3. Monitoring State-Owned Enterprises in Turkey; V. Way Forward; 4. Operational Guidance on Expanding Fiscal Coverage of PEs; 6. Jordan: Summary of Fiscal Operations of the Nonfinancial Public Sector; 7. Turkey: Data Collected from SOE's; Appendices; I. Criteria for Assessing Extrabudgetary Funds; 4. Reported Reasons Against Expanding Fiscal Coverage in MCD Countries-testing - test again 327 $aII. Addressing Obstacles to Broader Fiscal CoverageIII. A Stylized Mapping of Corporate Accounting into GFS 1986; 8. Sample Public Enterprise Data Request; 9. Converting Enterprise Accounting into GFS 1986; References 330 3 $aThis paper reviews some broad principles of fiscal coverage, building on cross-country experience. It discusses the level of coverage that would be appropriate to conduct good quality fiscal analysis, while striking the right balance between the costs and the benefits of expanding the coverage. In this context, the paper examines the current status of statistical fiscal coverage in the countries of the Middle East and Central Asia (MECA), and proposes operational approaches to improving it. 410 0$aIMF Working Papers; Working Paper ;$vNo. 2008/111 606 $aFiscal policy$zAsia, Central 606 $aFiscal policy$zMiddle East 606 $aGovernment business enterprises$zAsia, Central 606 $aGovernment business enterprises$zMiddle East 606 $aCivil service & public sector$2imf 606 $aComputer Programs: Other$2imf 606 $aData Collection and Data Estimation Methodology$2imf 606 $aEconometrics & economic statistics$2imf 606 $aFinance$2imf 606 $aFinance, Public$2imf 606 $aFiscal Policy$2imf 606 $aFiscal policy$2imf 606 $aFiscal risks$2imf 606 $aGovernment business enterprises$2imf 606 $aGovernment finance statistics$2imf 606 $aMacroeconomics$2imf 606 $aNationalization$2imf 606 $aNonprofit Organizations and Public Enterprise: General$2imf 606 $aPublic Administration$2imf 606 $aPublic Enterprises$2imf 606 $aPublic enterprises$2imf 606 $aPublic finance & taxation$2imf 606 $aPublic Finance$2imf 606 $aPublic ownership$2imf 606 $aPublic Sector Accounting and Audits$2imf 606 $aPublic sector$2imf 606 $aPublic-Private Enterprises$2imf 606 $aStatistics$2imf 607 $aJordan$2imf 615 0$aFiscal policy 615 0$aFiscal policy 615 0$aGovernment business enterprises 615 0$aGovernment business enterprises 615 7$aCivil service & public sector 615 7$aComputer Programs: Other 615 7$aData Collection and Data Estimation Methodology 615 7$aEconometrics & economic statistics 615 7$aFinance 615 7$aFinance, Public 615 7$aFiscal Policy 615 7$aFiscal policy 615 7$aFiscal risks 615 7$aGovernment business enterprises 615 7$aGovernment finance statistics 615 7$aMacroeconomics 615 7$aNationalization 615 7$aNonprofit Organizations and Public Enterprise: General 615 7$aPublic Administration 615 7$aPublic Enterprises 615 7$aPublic enterprises 615 7$aPublic finance & taxation 615 7$aPublic Finance 615 7$aPublic ownership 615 7$aPublic Sector Accounting and Audits 615 7$aPublic sector 615 7$aPublic-Private Enterprises 615 7$aStatistics 676 $a339.52 700 $aZakharova$b Daria$01815768 801 0$bDcWaIMF 906 $aBOOK 912 $a9910967716203321 996 $aFiscal Coverage in the Countries of the Middle East and Central Asia$94372819 997 $aUNINA